000
00294nam a2200145Ia 4500
008
090124s9999 xx 000 0 und d
082
_b
107817
245
_a
कणव
250
_a
0
260
_c
1960
300
_a
420
630
_a
कणव
730
_a
कणव
942
_c
BOOK
999
_c
153908
_d
153908